000
00271nam a2200109Ia 4500
005
20251222142000.0
008
251222s9999||||xx |||||||||||||| ||spa||
082
_a
278.7/C76
245
0
_a
Don Bosco en el Perú:
264
_b
Congregación Salesiana del Perú
942
_c
LIB
999
_c
9980
_d
9980